Raiders' ransom / (Record no. 1589)
[ view plain ]
| 000 -LEADER | |
|---|---|
| fixed length control field | 01380cam a2200349 a 4500 |
| 005 - DATE AND TIME OF LATEST TRANSACTION | |
| control field | 20231124111841.0 |
| 020 ## - INTERNATIONAL STANDARD BOOK NUMBER | |
| International Standard Book Number | 9780545142984 |
| 040 ## - CATALOGING SOURCE | |
| Original cataloging agency | DLC |
| Transcribing agency | DLC |
| Modifying agency | DLC |
| Language of cataloging | eng |
| 050 00 - LIBRARY OF CONGRESS CALL NUMBER | |
| Classification number | PZ7.D5415312 |
| Item number | Rai 2009 |
| 082 00 - DEWEY DECIMAL CLASSIFICATION NUMBER | |
| Classification number | Fic |
| Edition number | 22 |
| 100 1# - MAIN ENTRY--PERSONAL NAME | |
| Personal name | Diamand, Emily. |
| 245 10 - TITLE STATEMENT | |
| Title | Raiders' ransom / |
| Statement of responsibility, etc. | Emily Diamand ; [interior illustrations by Carol Lawson]. |
| 250 ## - EDITION STATEMENT | |
| Edition statement | First paperback printing, April 2011 |
| 260 ## - PUBLICATION, DISTRIBUTION, ETC. | |
| Place of publication, distribution, etc. | New York : |
| Name of publisher, distributor, etc. | Scholastic, |
| Date of publication, distribution, etc. | 2009 |
| 300 ## - PHYSICAL DESCRIPTION | |
| Extent | 334 pages : |
| Other physical details | illustrations ; |
| Dimensions | 20 cm |
| 500 ## - GENERAL NOTE | |
| General note | Sequel: Flood and fire. |
| 505 ## - FORMATTED CONTENTS NOTE | |
| Formatted contents note | R <br/> |
| 520 ## - SUMMARY, ETC. | |
| Summary, etc. | In 22nd-century Great Britain, where climate change has caused vast flooding, the piratical Reavers kidnap the Prime Minister's daughter and thirteen-year-old Lilly Melkun, an English fisher-girl, takes her seacat on a daring rescue attempt, with a mysterious talking jewel from a past computer age tucked in her belt as ransom. |
| 521 ## - TARGET AUDIENCE NOTE | |
| Target audience note | 720 <br/> |
| Source | Lexile <br/> |
| 521 ## - TARGET AUDIENCE NOTE | |
| Target audience note | R <br/> |
| Source | Raz-Plus <br/> |
| 650 #1 - SUBJECT ADDED ENTRY--TOPICAL TERM | |
| Topical term or geographic name entry element | Adventure and adventurers |
| Form subdivision | Fiction. |
| 650 #1 - SUBJECT ADDED ENTRY--TOPICAL TERM | |
| Topical term or geographic name entry element | Kidnapping |
| Form subdivision | Fiction |
| 650 #1 - SUBJECT ADDED ENTRY--TOPICAL TERM | |
| Topical term or geographic name entry element | Pirates |
| Form subdivision | Fiction. |
| 650 #1 - SUBJECT ADDED ENTRY--TOPICAL TERM | |
| Topical term or geographic name entry element | Cats |
| Form subdivision | Fiction. |
| 650 #1 - SUBJECT ADDED ENTRY--TOPICAL TERM | |
| Topical term or geographic name entry element | Computers |
| Form subdivision | Fiction. |
| 650 #1 - SUBJECT ADDED ENTRY--TOPICAL TERM | |
| Topical term or geographic name entry element | Environmental degradation |
| Form subdivision | Fiction. |
| 650 #1 - SUBJECT ADDED ENTRY--TOPICAL TERM | |
| Topical term or geographic name entry element | Science fiction. |
| 700 1# - ADDED ENTRY--PERSONAL NAME | |
| Personal name | Lawson, Carol. |
| Relator term | illustrator |
| 906 ## - LOCAL DATA ELEMENT F, LDF (RLIN) | |
| a | 7 |
| b | cbc |
| c | orignew |
| d | 1 |
| e | ecip |
| f | 20 |
| g | y-gencatlg |
| 942 ## - ADDED ENTRY ELEMENTS (KOHA) | |
| Source of classification or shelving scheme | Dewey Decimal Classification |
| Koha item type | Books |
| Suppress in OPAC | No |
| 999 ## - | |
| -- | 1589 |
| -- | 1589 |
| Withdrawn status | Lost status | Source of classification or shelving scheme | Damaged status | Not for loan | Collection | Home library | Current library | Shelving location | Date acquired | Total Checkouts | Full call number | Barcode | Date last seen | Date last checked out | Price effective from | Koha item type |
|---|---|---|---|---|---|---|---|---|---|---|---|---|---|---|---|---|
| Dewey Decimal Classification | Juvenile Fiction | Footprints International School Library Network Toul Kork Campus | Footprints International School Library Network Toul Kork Campus | 09/08/2023 | 3 | DIA Fic PZ7.D5415312 | FISSE00914 | 02/05/2024 | 01/29/2024 | 09/08/2023 | Books |
